Resarcimiento de daños : presupuestos y funciones del Derecho de daños. 4 /

Guardado en:
Autor Principal: Zavala de González, Matilde.
Formato: Libro
Idioma:Spanish
Publicado: Buenos Aires : Hammurabi, 1999
Materias:
Etiquetas: Agregar Etiqueta
Sin Etiquetas, Sea el primero en etiquetar este registro!
LEADER 00798nam a22002055a 4500
001 DER.der000048
008 180615s1999####ag#||||||||||||||#||spa||
005 20251203162831.0
245 1 0 |a Resarcimiento de daños :  |b presupuestos y funciones del Derecho de daños.  |n 4 /  |c Matilde Zavala de González. 
260 |a Buenos Aires :  |b Hammurabi,  |c 1999 
300 |a 783 p. 
020 |a 9507410031 
100 1 |a Zavala de González, Matilde. 
653 |a DERECHO CIVIL 
859 |a DERECHO  |b BIB. DERECHO  |h 346.2  |i ZAV  |p 000881 
859 |a DERECHO  |b BIB. DERECHO  |h 346.2  |i ZAV  |p 000882  |t 1 
859 |a DERECHO  |b BIB. DERECHO  |h 346.2  |i ZAV  |p 000883  |t 2 
859 |a DERECHO  |b BIB. DERECHO  |h 346.2  |i ZAV  |p 000884  |t 3 
859 |a DERECHO  |b BIB. DERECHO  |h 346.2  |i ZAV  |p 000960  |t 4 
859 |a DERECHO  |b BIB. DERECHO  |h 346.2  |i ZAV  |p 003911  |t 5